| 000 | 00755nam1a22002411i 4500 | ||
|---|---|---|---|
| 001 | rc\3940337 | ||
| 005 | 20240724172221.0 | ||
| 035 | _a(NLR Aleph) 008037861 | ||
| 090 |
_a8862229 _c8862229 |
||
| 100 | _a20130415d1955 |||y0rusy50 ca | ||
| 101 | 0 | _arus | |
| 102 | _aRU | ||
| 105 | _a z ||||| | ||
| 200 | 1 |
_aГеодезия _e[Учеб. пособие для топогр. техникумов |
|
| 205 | _a2-е изд.] | ||
| 210 |
_aМосква _cГеодезиздат _d1955 |
||
| 215 | _d23 | ||
| 606 |
_aГеодезия _jУчебники и пособия _2psbo |
||
| 700 | 1 |
_aДензин _bП.В. _f1881- _gПетр Васильевич |
|
| 801 | 0 |
_aRU _bNLR _gpsbo |
|
| 801 | 1 |
_aRU _bELAR _2rusmarc |
|
| 852 |
_aNLR _jГд02 Г-5/94 |
||
| 942 | _cBOOK | ||